[Event "DEM U16w 2024"]
[Site "Willingen GER"]
[Date "2024.05.24"]
[Round "8"]
[White "Neumann, Helena"]
[Black "Bezsonna, Polina"]
[Result "1/2-1/2"]
[Termination "normal"]
[Board "6"]
[WhiteElo "1836"]
[BlackElo "1788"]
[WhiteClock "00:10:32"]
[BlackClock "00:02:01"]
[PlyCount "121"]
[WhiteFideId "16275365"]
[BlackFideId "14191156"]
[EventCountry "GER"]
[EventRounds "9"]
[EventType "swiss"]
[EventDate "2024.05.18"]

1. e4 {[%clk 01:30:58]} c5 {[%clk 01:30:45]} {[%emt 00:00:16]} 2. Nf3 {[%clk
01:31:24]} {[%emt 00:00:04]} Nc6 {[%clk 01:31:06]} {[%emt 00:00:10]} 3. Bb5
{[%clk 01:31:50]} {[%emt 00:00:04]} g6 {[%clk 01:30:59]} {[%emt 00:00:37]} 4.
Bxc6 {[%clk 01:32:15]} {[%emt 00:00:05]} bxc6 {[%clk 01:31:26]} {[%emt
00:00:03]} 5. O-O {[%clk 01:32:25]} {[%emt 00:00:19]} Bg7 {[%clk 01:31:41]}
{[%emt 00:00:15]} 6. Re1 {[%clk 01:32:51]} {[%emt 00:00:05]} Qc7 {[%clk
01:32:06]} {[%emt 00:00:05]} 7. h3 {[%clk 01:27:18]} {[%emt 00:06:02]} d6
{[%clk 01:30:32]} {[%emt 00:02:04]} 8. d3 {[%clk 01:26:44]} {[%emt 00:01:04]}
Nf6 {[%clk 01:29:34]} {[%emt 00:01:28]} 9. Nc3 {[%clk 01:22:03]} {[%emt
00:05:12]} O-O {[%clk 01:29:30]} {[%emt 00:00:34]} 10. Be3 {[%clk 01:22:29]}
{[%emt 00:00:04]} Rb8 {[%clk 01:20:14]} {[%emt 00:09:45]} 11. Rb1 {[%clk
01:21:04]} {[%emt 00:01:55]} Rd8 {[%clk 01:09:13]} {[%emt 00:11:31]} 12. Qd2
{[%clk 01:17:08]} {[%emt 00:04:26]} Nd7 {[%clk 01:00:39]} {[%emt 00:09:04]} 13.
Bh6 {[%clk 01:15:16]} {[%emt 00:02:22]} Ne5 {[%clk 00:56:56]} {[%emt 00:04:14]}
14. Nh2 {[%clk 01:12:53]} {[%emt 00:02:52]} f6 {[%clk 00:55:20]} {[%emt
00:02:06]} 15. Bxg7 {[%clk 01:12:19]} {[%emt 00:01:05]} Kxg7 {[%clk 00:55:48]}
{[%emt 00:00:01]} 16. f4 {[%clk 01:12:29]} {[%emt 00:00:20]} Nf7 {[%clk
00:56:16]} {[%emt 00:00:02]} 17. Nf3 {[%clk 01:12:53]} {[%emt 00:00:06]} e5
{[%clk 00:55:17]} {[%emt 00:01:29]} 18. fxe5 {[%clk 01:07:21]} {[%emt
00:06:03]} dxe5 {[%clk 00:54:12]} {[%emt 00:01:35]} 19. b3 {[%clk 01:06:46]}
{[%emt 00:01:04]} Be6 {[%clk 00:45:59]} {[%emt 00:08:44]} 20. Qf2 {[%clk
00:54:22]} {[%emt 00:12:53]} Qe7 {[%clk 00:44:46]} {[%emt 00:01:43]} 21. Nd2
{[%clk 00:49:18]} {[%emt 00:05:34]} Rd7 {[%clk 00:38:22]} {[%emt 00:06:55]} 22.
Na4 {[%clk 00:46:56]} {[%emt 00:02:51]} Rb5 {[%clk 00:38:14]} {[%emt 00:00:38]}
23. Nb2 {[%clk 00:46:19]} {[%emt 00:01:07]} Nd8 {[%clk 00:31:41]} {[%emt
00:07:04]} 24. Re3 {[%clk 00:42:56]} {[%emt 00:03:52]} Bg8 {[%clk 00:29:46]}
{[%emt 00:02:25]} 25. Rf1 {[%clk 00:41:21]} {[%emt 00:02:04]} Qf8 {[%clk
00:29:42]} {[%emt 00:00:35]} 26. Rf3 {[%clk 00:39:51]} {[%emt 00:01:59]} Rf7
{[%clk 00:29:44]} {[%emt 00:00:28]} 27. Ndc4 {[%clk 00:39:00]} {[%emt
00:01:22]} Ne6 {[%clk 00:29:03]} {[%emt 00:01:11]} 28. c3 {[%clk 00:39:07]}
{[%emt 00:00:23]} Qe7 {[%clk 00:27:04]} {[%emt 00:02:29]} 29. h4 {[%clk
00:37:22]} {[%emt 00:02:16]} h6 {[%clk 00:20:35]} {[%emt 00:06:58]} 30. Kh2
{[%clk 00:34:56]} {[%emt 00:02:55]} Rb8 {[%clk 00:17:11]} {[%emt 00:03:55]} 31.
h5 {[%clk 00:30:15]} {[%emt 00:05:11]} g5 {[%clk 00:16:32]} {[%emt 00:01:09]}
32. Ne3 {[%clk 00:28:12]} {[%emt 00:02:32]} Bh7 {[%clk 00:16:45]} {[%emt
00:00:17]} 33. g3 {[%clk 00:27:26]} {[%emt 00:01:17]} Rbf8 {[%clk 00:14:41]}
{[%emt 00:02:33]} 34. Nbc4 {[%clk 00:26:40]} {[%emt 00:01:16]} Nc7 {[%clk
00:14:01]} {[%emt 00:01:11]} 35. Qg2 {[%clk 00:21:24]} {[%emt 00:05:46]} Qe6
{[%clk 00:11:49]} {[%emt 00:02:42]} 36. Qf2 {[%clk 00:17:29]} {[%emt 00:04:24]}
Ne8 {[%clk 00:08:49]} {[%emt 00:03:31]} 37. Nd1 {[%clk 00:11:01]} {[%emt
00:06:57]} Qe7 {[%clk 00:03:25]} {[%emt 00:05:55]} 38. Ndb2 {[%emt 00:02:08]}
Nc7 {[%clk 00:03:06]} {[%emt 00:00:47]} 39. Na4 {[%clk 00:09:09]} {[%emt
00:00:45]} Ne6 {[%clk 00:03:16]} {[%emt 00:00:20]} 40. Ne3 {[%clk 00:09:28]}
{[%emt 00:00:11]} Rd8 {[%clk 00:00:46]} {[%emt 00:02:59]} 41. Nf5+ {[%clk
00:04:58]} {[%emt 00:05:01]} Bxf5 {[%clk 00:29:54]} {[%emt 00:01:23]} 42. exf5
{[%clk 00:35:26]} {[%emt 00:00:02]} Nc7 {[%clk 00:29:43]} {[%emt 00:00:40]} 43.
Qxc5 {[%clk 00:35:04]} {[%emt 00:00:52]} Qxc5 {[%clk 00:27:32]} {[%emt
00:02:42]} 44. Nxc5 {[%clk 00:35:28]} {[%emt 00:00:06]} Rd5 {[%clk 00:25:36]}
{[%emt 00:02:26]} 45. Ne6+ {[%clk 00:32:51]} {[%emt 00:03:07]} Kg8 {[%clk
00:25:20]} {[%emt 00:00:46]} 46. d4 {[%clk 00:30:58]} {[%emt 00:02:24]} exd4
{[%clk 00:23:50]} {[%emt 00:01:59]} 47. Nxd4 {[%clk 00:31:17]} {[%emt
00:00:11]} c5 {[%clk 00:23:39]} {[%emt 00:00:42]} 48. Ne6 {[%clk 00:31:26]}
{[%emt 00:00:20]} Re5 {[%clk 00:22:45]} {[%emt 00:01:23]} 49. Nxc7 {[%clk
00:28:29]} {[%emt 00:03:27]} Rxc7 {[%clk 00:22:20]} {[%emt 00:00:49]} 50. Kg2
{[%clk 00:27:17]} {[%emt 00:01:48]} Rd7 {[%clk 00:21:21]} {[%emt 00:01:30]} 51.
R1f2 {[%clk 00:27:24]} {[%emt 00:00:22]} Kf7 {[%clk 00:16:55]} {[%emt
00:04:57]} 52. b4 {[%clk 00:24:06]} {[%emt 00:03:48]} c4 {[%clk 00:14:40]}
{[%emt 00:02:44]} 53. a4 {[%clk 00:21:39]} {[%emt 00:02:58]} Rd1 {[%clk
00:05:57]} {[%emt 00:09:13]} 54. Rb2 {[%clk 00:18:14]} {[%emt 00:03:55]} Ree1
{[%clk 00:04:12]} {[%emt 00:02:14]} 55. g4 {[%clk 00:12:31]} {[%emt 00:06:14]}
Rg1+ {[%clk 00:02:57]} {[%emt 00:01:45]} 56. Kh3 {[%clk 00:12:51]} {[%emt
00:00:09]} Rh1+ {[%clk 00:02:44]} {[%emt 00:00:45]} 57. Rh2 {[%clk 00:12:47]}
{[%emt 00:00:33]} Rd3 {[%clk 00:01:33]} {[%emt 00:01:42]} 58. Rg3 {[%clk
00:12:58]} {[%emt 00:00:18]} Rc1 {[%clk 00:01:11]} {[%emt 00:00:52]} 59. Rxd3
{[%clk 00:12:11]} {[%emt 00:01:17]} cxd3 {[%clk 00:01:40]} 60. Rd2 {[%clk
00:11:20]} {[%emt 00:01:21]} Rxc3 {[%clk 00:02:01]} {[%emt 00:00:08]} 61. b5
{[%clk 00:10:32]} {[%emt 00:01:19]} 1/2-1/2

[Event "DEM U16w 2024"]
[Site "Willingen GER"]
[Date "2024.05.24"]
[Round "8"]
[White "Jacobasch, Ronja"]
[Black "Loos, Tilda"]
[Result "1/2-1/2"]
[Termination "normal"]
[Board "7"]
[WhiteElo "1813"]
[BlackElo "1667"]
[WhiteClock "00:01:07"]
[BlackClock "00:10:26"]
[PlyCount "143"]
[WhiteFideId "34604340"]
[BlackFideId "34620559"]
[EventCountry "GER"]
[EventRounds "9"]
[EventType "swiss"]
[EventDate "2024.05.18"]

1. g3 {[%clk 01:30:57]} {[%emt 00:00:02]} e6 {[%clk 01:30:36]} {[%emt
00:00:24]} 2. Bg2 {[%clk 01:31:19]} {[%emt 00:00:08]} d5 {[%clk 01:30:57]}
{[%emt 00:00:09]} 3. Nf3 {[%clk 01:30:32]} {[%emt 00:01:17]} Nf6 {[%clk
01:31:08]} {[%emt 00:00:20]} 4. O-O {[%clk 01:30:50]} {[%emt 00:00:12]} b6
{[%clk 01:31:31]} {[%emt 00:00:07]} 5. d3 {[%clk 01:30:37]} {[%emt 00:00:42]}
Bb7 {[%clk 01:31:55]} {[%emt 00:00:06]} 6. Nbd2 {[%clk 01:29:45]} {[%emt
00:01:22]} Nbd7 {[%clk 01:32:19]} {[%emt 00:00:07]} 7. Re1 {[%clk 01:29:01]}
{[%emt 00:01:14]} Bc5 {[%clk 01:32:40]} {[%emt 00:00:08]} 8. e4 {[%clk
01:28:09]} {[%emt 00:01:23]} dxe4 {[%clk 01:32:40]} {[%emt 00:00:30]} 9. dxe4
{[%clk 01:26:45]} {[%emt 00:01:53]} Ng4 {[%clk 01:30:37]} {[%emt 00:02:33]} 10.
Re2 {[%clk 01:21:34]} {[%emt 00:05:42]} Nde5 {[%clk 01:30:20]} {[%emt
00:00:47]} 11. Nxe5 {[%clk 01:15:52]} {[%emt 00:06:11]} Nxe5 {[%clk 01:30:49]}
{[%emt 00:00:02]} 12. Re1 {[%clk 01:14:14]} {[%emt 00:02:07]} Qd4 {[%clk
01:20:57]} {[%emt 00:10:22]} 13. Qe2 {[%clk 01:07:17]} {[%emt 00:07:26]} Ba6
{[%clk 01:10:19]} {[%emt 00:11:09]} 14. Nb3 {[%clk 01:02:46]} {[%emt 00:05:02]}
Bxe2 {[%clk 01:08:00]} {[%emt 00:02:48]} 15. Nxd4 {[%clk 01:03:11]} {[%emt
00:00:06]} Bc4 {[%clk 01:00:20]} {[%emt 00:08:08]} 16. Nb3 {[%clk 00:57:24]}
{[%emt 00:06:17]} Bxb3 {[%clk 00:59:45]} {[%emt 00:01:06]} 17. axb3 {[%clk
00:57:21]} {[%emt 00:00:34]} Ng4 {[%clk 00:57:25]} {[%emt 00:02:49]} 18. Re2
{[%clk 00:51:40]} {[%emt 00:06:12]} e5 {[%clk 00:54:23]} {[%emt 00:03:31]} 19.
Bd2 {[%clk 00:46:35]} {[%emt 00:05:33]} O-O {[%clk 00:51:33]} {[%emt 00:03:22]}
20. Bc3 {[%clk 00:44:34]} {[%emt 00:02:30]} Rfe8 {[%clk 00:49:03]} {[%emt
00:03:01]} 21. h3 {[%clk 00:39:32]} {[%emt 00:05:33]} Nf6 {[%clk 00:48:45]}
{[%emt 00:00:48]} 22. b4 {[%clk 00:35:23]} {[%emt 00:04:39]} Bd6 {[%clk
00:45:41]} {[%emt 00:03:33]} 23. Rd2 {[%clk 00:33:06]} {[%emt 00:02:47]} h6
{[%clk 00:36:06]} {[%emt 00:10:05]} 24. Rdd1 {[%clk 00:31:16]} {[%emt
00:02:20]} Nh5 {[%clk 00:34:47]} {[%emt 00:01:49]} 25. Bf3 {[%clk 00:21:19]}
{[%emt 00:10:27]} Nf6 {[%clk 00:35:01]} {[%emt 00:00:16]} 26. Ra6 {[%clk
00:20:01]} {[%emt 00:01:48]} Re7 {[%clk 00:33:58]} {[%emt 00:01:33]} 27. b5
{[%clk 00:18:48]} {[%emt 00:01:43]} Nd7 {[%clk 00:27:48]} {[%emt 00:06:40]} 28.
Rda1 {[%clk 00:13:55]} {[%emt 00:05:23]} Nc5 {[%clk 00:27:34]} {[%emt
00:00:44]} 29. Rxa7 {[%clk 00:14:03]} {[%emt 00:00:22]} Rae8 {[%clk 00:27:28]}
{[%emt 00:00:35]} 30. Rd1 {[%clk 00:12:23]} {[%emt 00:02:10]} Ne6 {[%clk
00:20:41]} {[%emt 00:07:18]} 31. h4 {[%clk 00:09:56]} {[%emt 00:02:57]} Nc5
{[%clk 00:17:17]} {[%emt 00:03:54]} 32. b4 {[%clk 00:09:01]} {[%emt 00:01:25]}
Nd7 {[%clk 00:17:17]} {[%emt 00:00:30]} 33. Be1 {[%clk 00:08:28]} {[%emt
00:01:03]} Nf6 {[%clk 00:15:28]} {[%emt 00:02:19]} 34. c4 {[%clk 00:08:05]}
{[%emt 00:00:53]} Rd7 {[%clk 00:13:03]} {[%emt 00:02:55]} 35. Raa1 {[%clk
00:04:21]} {[%emt 00:04:14]} Rc8 {[%clk 00:11:28]} {[%emt 00:02:04]} 36. Rac1
{[%clk 00:03:07]} {[%emt 00:01:44]} c5 {[%clk 00:11:48]} {[%emt 00:00:10]} 37.
bxc5 {[%clk 00:01:34]} {[%emt 00:02:05]} Bxc5 {[%clk 00:12:04]} {[%emt
00:00:13]} 38. Rxd7 {[%clk 00:01:41]} {[%emt 00:00:22]} Nxd7 {[%clk 00:12:33]}
{[%emt 00:00:02]} 39. Rd1 {[%clk 00:01:52]} {[%emt 00:00:18]} Nf6 {[%clk
00:12:33]} {[%emt 00:00:30]} 40. Bc3 {[%clk 00:01:22]} {[%emt 00:01:00]} Re8
{[%clk 00:12:34]} {[%emt 00:00:29]} 41. Rd3 {[%clk 00:25:57]} {[%emt 00:05:54]}
Kf8 {[%clk 00:41:28]} {[%emt 00:01:37]} 42. Kf1 {[%clk 00:24:52]} {[%emt
00:01:36]} Re6 {[%clk 00:40:27]} {[%emt 00:01:30]} 43. Ke2 {[%clk 00:19:34]}
{[%emt 00:05:48]} Ke7 {[%clk 00:40:39]} {[%emt 00:00:18]} 44. Bg2 {[%clk
00:18:45]} {[%emt 00:01:20]} g5 {[%clk 00:37:20]} {[%emt 00:03:49]} 45. hxg5
{[%clk 00:16:44]} {[%emt 00:02:32]} hxg5 {[%clk 00:35:38]} {[%emt 00:02:11]}
46. Bd2 {[%clk 00:13:21]} {[%emt 00:03:53]} g4 {[%clk 00:34:04]} {[%emt
00:02:04]} 47. Bc3 {[%clk 00:07:53]} {[%emt 00:05:57]} Ne8 {[%clk 00:32:31]}
{[%emt 00:02:04]} 48. f3 {[%clk 00:06:48]} {[%emt 00:01:34]} gxf3+ {[%clk
00:31:36]} {[%emt 00:01:25]} 49. Bxf3 {[%clk 00:06:33]} {[%emt 00:00:45]} Nd6
{[%clk 00:29:45]} {[%emt 00:02:22]} 50. Bg4 {[%clk 00:04:45]} {[%emt 00:02:17]}
Rg6 {[%clk 00:29:05]} {[%emt 00:01:10]} 51. Bf5 {[%clk 00:03:43]} {[%emt
00:01:33]} Rh6 {[%clk 00:26:44]} {[%emt 00:02:51]} 52. Bxe5 {[%clk 00:03:25]}
{[%emt 00:00:49]} Nxc4 {[%clk 00:26:16]} {[%emt 00:00:57]} 53. Bd4 {[%clk
00:02:11]} {[%emt 00:01:43]} Rh2+ {[%clk 00:25:35]} {[%emt 00:01:11]} 54. Kf3
{[%clk 00:01:59]} {[%emt 00:00:38]} Nd2+ {[%clk 00:24:37]} {[%emt 00:01:32]}
55. Kf4 {[%clk 00:01:54]} {[%emt 00:00:35]} Nb3 {[%clk 00:19:59]} {[%emt
00:05:08]} 56. Be3 {[%clk 00:01:07]} {[%emt 00:01:18]} Bxe3+ {[%clk 00:19:21]}
{[%emt 00:01:07]} 57. Kxe3 {[%clk 00:01:29]} {[%emt 00:00:08]} Nc5 {[%clk
00:19:47]} {[%emt 00:00:04]} 58. Rd2 {[%clk 00:01:20]} {[%emt 00:00:39]} Rh8
{[%clk 00:19:03]} {[%emt 00:01:15]} 59. Kf4 {[%clk 00:01:08]} {[%emt 00:00:42]}
Rg8 {[%clk 00:18:03]} {[%emt 00:01:29]} 60. e5 {[%clk 00:01:16]} {[%emt
00:00:22]} Rd8 {[%clk 00:16:13]} {[%emt 00:02:20]} 61. Rxd8 {[%clk 00:01:22]}
{[%emt 00:00:25]} Kxd8 {[%clk 00:16:42]} {[%emt 00:00:01]} 62. Ke3 {[%clk
00:01:27]} {[%emt 00:00:24]} Ke7 {[%clk 00:16:20]} {[%emt 00:00:53]} 63. Kd4
{[%clk 00:01:32]} {[%emt 00:00:25]} f6 {[%clk 00:13:39]} {[%emt 00:03:11]} 64.
exf6+ {[%clk 00:01:47]} {[%emt 00:00:15]} Kxf6 {[%clk 00:14:07]} {[%emt
00:00:01]} 65. g4 {[%clk 00:01:58]} {[%emt 00:00:19]} Kg5 {[%clk 00:12:44]}
{[%emt 00:01:53]} 66. Kd5 {[%clk 00:01:54]} {[%emt 00:00:33]} Na4 {[%clk
00:12:25]} {[%emt 00:00:51]} 67. Kc6 {[%clk 00:01:39]} {[%emt 00:00:45]} Kf4
{[%clk 00:12:17]} {[%emt 00:00:38]} 68. Kd6 {[%clk 00:01:11]} {[%emt 00:00:58]}
Kg5 {[%clk 00:12:31]} {[%emt 00:00:16]} 69. Ke5 {[%clk 00:01:21]} {[%emt
00:00:20]} Nc5 {[%clk 00:12:30]} {[%emt 00:00:31]} 70. Kd4 {[%clk 00:00:52]}
{[%emt 00:00:59]} Nb3+ {[%clk 00:10:52]} {[%emt 00:02:08]} 71. Kc4 {[%clk
00:00:48]} {[%emt 00:00:34]} Nc5 {[%clk 00:10:26]} {[%emt 00:00:56]} 72. Kd5
{[%clk 00:01:07]} {[%emt 00:00:10]} 1/2-1/2

[Event "DEM U16w 2024"]
[Site "Willingen GER"]
[Date "2024.05.24"]
[Round "8"]
[White "Reich, Elisabeth"]
[Black "Stepanjan, Marianne"]
[Result "1/2-1/2"]
[Termination "normal"]
[Board "8"]
[WhiteElo "1799"]
[BlackElo "1769"]
[WhiteClock "00:31:04"]
[BlackClock "00:11:08"]
[PlyCount "77"]
[WhiteFideId "16239776"]
[BlackFideId "16246110"]
[EventCountry "GER"]
[EventRounds "9"]
[EventType "swiss"]
[EventDate "2024.05.18"]

1. e4 {[%clk 01:30:58]} {[%emt 00:00:02]} e6 {[%clk 01:30:57]} {[%emt
00:00:04]} 2. d3 {[%clk 01:31:20]} {[%emt 00:00:07]} c5 {[%clk 01:31:24]}
{[%emt 00:00:04]} 3. Nf3 {[%clk 01:31:43]} {[%emt 00:00:07]} Nc6 {[%clk
01:31:51]} {[%emt 00:00:03]} 4. g3 {[%clk 01:32:05]} {[%emt 00:00:08]} Nge7
{[%clk 01:32:18]} {[%emt 00:00:03]} 5. Bg2 {[%clk 01:32:28]} {[%emt 00:00:06]}
g6 {[%clk 01:32:45]} {[%emt 00:00:03]} 6. O-O {[%clk 01:32:51]} {[%emt
00:00:08]} Bg7 {[%clk 01:33:12]} {[%emt 00:00:03]} 7. c3 {[%clk 01:33:03]}
{[%emt 00:00:17]} e5 {[%clk 01:32:40]} {[%emt 00:01:03]} 8. Be3 {[%clk
01:30:52]} {[%emt 00:02:41]} d6 {[%clk 01:33:04]} {[%emt 00:00:06]} 9. Qd2
{[%clk 01:28:22]} {[%emt 00:02:58]} O-O {[%clk 01:33:10]} {[%emt 00:00:25]} 10.
Bh6 {[%clk 01:27:54]} {[%emt 00:00:58]} f5 {[%clk 01:23:03]} {[%emt 00:10:38]}
11. Bxg7 {[%clk 01:27:34]} {[%emt 00:00:49]} Kxg7 {[%clk 01:23:19]} {[%emt
00:00:15]} 12. Re1 {[%clk 01:20:13]} {[%emt 00:07:51]} f4 {[%clk 01:17:59]}
{[%emt 00:05:50]} 13. Na3 {[%clk 01:14:21]} {[%emt 00:06:22]} Bg4 {[%clk
01:16:24]} {[%emt 00:02:05]} 14. Rf1 {[%clk 01:14:27]} {[%emt 00:00:21]} Qd7
{[%clk 01:13:02]} {[%emt 00:03:54]} 15. Nc2 {[%clk 01:11:01]} {[%emt 00:03:55]}
Rf6 {[%clk 01:08:45]} {[%emt 00:04:49]} 16. d4 {[%clk 01:08:38]} {[%emt
00:02:52]} cxd4 {[%clk 01:00:18]} {[%emt 00:08:58]} 17. cxd4 {[%clk 01:08:59]}
{[%emt 00:00:09]} Raf8 {[%clk 00:50:33]} {[%emt 00:10:15]} 18. dxe5 {[%clk
01:08:14]} {[%emt 00:01:15]} dxe5 {[%clk 00:49:58]} {[%emt 00:01:05]} 19. Qxd7
{[%clk 01:07:54]} {[%emt 00:00:49]} Bxd7 {[%clk 00:49:31]} {[%emt 00:00:58]}
20. Rad1 {[%clk 01:02:26]} {[%emt 00:05:56]} Bg4 {[%clk 00:48:14]} {[%emt
00:01:49]} 21. Rd3 {[%clk 01:02:42]} {[%emt 00:00:12]} fxg3 {[%clk 00:42:53]}
{[%emt 00:05:52]} 22. fxg3 {[%clk 01:02:54]} {[%emt 00:00:18]} Be6 {[%clk
00:43:04]} {[%emt 00:00:19]} 23. b3 {[%clk 01:02:35]} {[%emt 00:00:49]} a5
{[%clk 00:42:19]} {[%emt 00:01:16]} 24. Ne3 {[%clk 00:59:17]} {[%emt 00:03:43]}
Nb4 {[%clk 00:39:17]} {[%emt 00:03:37]} 25. Rd2 {[%clk 00:58:42]} {[%emt
00:01:03]} Nec6 {[%clk 00:38:33]} {[%emt 00:01:16]} 26. a3 {[%clk 00:51:37]}
{[%emt 00:07:35]} Na6 {[%clk 00:38:04]} {[%emt 00:00:59]} 27. Nd5 {[%clk
00:51:17]} {[%emt 00:00:49]} R6f7 {[%clk 00:35:24]} {[%emt 00:03:10]} 28. Ng5
{[%clk 00:50:12]} {[%emt 00:01:35]} Rxf1+ {[%clk 00:35:04]} {[%emt 00:00:50]}
29. Bxf1 {[%clk 00:50:31]} {[%emt 00:00:10]} Bc8 {[%clk 00:29:07]} {[%emt
00:06:28]} 30. Bxa6 {[%clk 00:50:29]} {[%emt 00:00:33]} bxa6 {[%clk 00:29:18]}
{[%emt 00:00:19]} 31. Rc2 {[%clk 00:48:21]} {[%emt 00:02:37]} h6 {[%clk
00:24:15]} {[%emt 00:05:34]} 32. Rxc6 {[%clk 00:47:04]} {[%emt 00:01:46]} hxg5
{[%clk 00:24:41]} {[%emt 00:00:04]} 33. Kg2 {[%clk 00:45:45]} {[%emt 00:01:48]}
Bg4 {[%clk 00:23:06]} {[%emt 00:02:06]} 34. Rc3 {[%clk 00:43:50]} {[%emt
00:02:21]} Be2 {[%clk 00:21:09]} {[%emt 00:02:31]} 35. Rc7+ {[%clk 00:39:18]}
{[%emt 00:05:02]} Kh6 {[%clk 00:17:15]} {[%emt 00:04:24]} 36. Rc3 {[%clk
00:31:56]} {[%emt 00:07:51]} Bf1+ {[%clk 00:14:53]} {[%emt 00:02:53]} 37. Kg1
{[%clk 00:32:15]} {[%emt 00:00:10]} Bh3 {[%clk 00:12:23]} {[%emt 00:03:02]} 38.
Ne3 {[%clk 00:32:30]} {[%emt 00:00:14]} g4 {[%clk 00:11:08]} {[%emt 00:01:45]}
39. b4 {[%clk 00:31:04]} {[%emt 00:01:55]} 1/2-1/2

[Event "DEM U16w 2024"]
[Site "Willingen GER"]
[Date "2024.05.24"]
[Round "8"]
[White "Bursan, Ana-Maria"]
[Black "Fetahovic, Sarah"]
[Result "1/2-1/2"]
[Termination "normal"]
[Board "9"]
[WhiteElo "1715"]
[BlackElo "1761"]
[WhiteClock "00:04:33"]
[BlackClock "00:00:41"]
[PlyCount "74"]
[WhiteFideId "34620150"]
[BlackFideId "34601546"]
[EventCountry "GER"]
[EventRounds "9"]
[EventType "swiss"]
[EventDate "2024.05.18"]

1. e4 e5 2. Nc3 Nc6 3. f4 d6 4. Nf3 Nf6 5. d4 Bg4 6. Bb5 exd4 7. Qxd4 Bxf3 8.
gxf3 Qd7 9. Qa4 d5 10. e5 Nh5 11. Be3 Bb4 12. Bd2 Bc5 13. O-O-O O-O 14. Be1 a6
15. Bxc6 Qxc6 16. Qb3 d4 17. Ne4 Bb6 18. Bb4 Rfd8 19. Ng5 Qd7 20. e6 fxe6 21.
Nxe6 Kh8 22. Nxd8 Rxd8 23. Rhe1 a5 24. Be7 Re8 25. Qf7 Nf6 26. Re5 Ng8 27. Rde1
h6 28. f5 d3 29. cxd3 Bd4 30. Rd5 Qc6+ 31. Kb1 Qb6 32. Rxd4 Rxe7 33. Rxe7 Qxd4
34. Rd7 Qg1+ 35. Kc2 Qxh2+ 36. Kb3 Qe5 37. Rxc7 Qd4 38. Qc4 Qb6+ 39. Kc3 Nf6
40. Rc8+ Kh7 41. Qf7 Qb4+ 42. Kc2 Qa4+ 43. Qb3 Qf4 44. Qxb7 Qxf5 45. Rc7 Qg5
46. f4 Qg4 47. Kc3 h5 48. Rc5 Qxf4 49. Rxa5 Qc1+ 50. Kb3 Qd1+ 51. Ka3 Qxd3+ 52.
Qb3 Qd6+ 53. Qb4 Qd3+ 54. b3 Qe3 55. Qc4 Qd2 56. Qb5 Qc1+ 57. Ka4 Kh6 58. Ra8
Kh7 59. Qd3+ g6 60. Qf3 Qb2 61. a3 Qd4+ 62. b4 h4 63. Ra6 Kg7 64. Ka5 Qd8+ 65.
Ka4 Qd4 66. Qb7+ Kh6 67. Qc6 Qd1+ 68. Ka5 Qh5+ 69. b5 Nh7 70. Ra7 h3 71. Qc7
Nf6 72. Qh2 Qf3 73. b6 Qxa3+ 74. Kb5 Qb3+ 75. Ka5 Qa3+ 76. Kb5 Qb3+ 77. Ka6
Qa4+ 78. Kb7 Qe4+ 79. Ka6 Qa4+ 80. Kb7 Qe4+ 81. Ka6 Qa4+ 82. Kb7 Qe4+ 1/2-1/2

[Event "DEM U16w 2024"]
[Site "Willingen GER"]
[Date "2024.05.24"]
[Round "8"]
[White "Hoffmann, Sophia"]
[Black "Hasselmann, Isabelle Sophia"]
[Result "1-0"]
[Termination "normal"]
[Board "10"]
[WhiteElo "1692"]
[BlackElo "1655"]
[WhiteClock "00:39:11"]
[BlackClock "01:21:13"]
[PlyCount "35"]
[WhiteFideId "16259130"]
[BlackFideId "16266951"]
[EventCountry "GER"]
[EventRounds "9"]
[EventType "swiss"]
[EventDate "2024.05.18"]

1. d4 {[%clk 01:30:57]} {[%emt 00:00:02]} Nf6 {[%clk 01:30:54]} {[%emt
00:00:06]} 2. Nf3 {[%clk 01:31:11]} {[%emt 00:00:16]} e6 {[%clk 01:31:14]}
{[%emt 00:00:11]} 3. Bf4 {[%clk 01:25:30]} {[%emt 00:06:10]} c5 {[%clk
01:31:40]} {[%emt 00:00:05]} 4. e3 {[%clk 01:22:06]} {[%emt 00:03:53]} d5
{[%clk 01:31:40]} {[%emt 00:00:30]} 5. c3 {[%clk 01:20:45]} {[%emt 00:01:51]}
Nc6 {[%clk 01:30:29]} {[%emt 00:01:41]} 6. Nbd2 {[%clk 01:15:25]} {[%emt
00:05:50]} Be7 {[%clk 01:30:24]} {[%emt 00:00:36]} 7. Bd3 {[%clk 01:14:10]}
{[%emt 00:01:45]} a5 {[%clk 01:29:12]} {[%emt 00:01:42]} 8. a4 {[%clk
01:08:30]} {[%emt 00:06:10]} Nh5 {[%clk 01:28:19]} {[%emt 00:01:22]} 9. Bg3
{[%clk 01:03:31]} {[%emt 00:05:29]} O-O {[%clk 01:26:21]} {[%emt 00:02:29]} 10.
Ne5 {[%clk 00:59:58]} {[%emt 00:04:02]} Nxg3 {[%clk 01:22:42]} {[%emt
00:04:10]} 11. Bxh7+ {[%clk 00:52:50]} {[%emt 00:07:36]} Kh8 {[%clk 01:21:15]}
{[%emt 00:01:58]} 12. hxg3 {[%clk 00:49:35]} {[%emt 00:03:46]} Bg5 {[%clk
01:21:12]} {[%emt 00:00:32]} 13. Bg6+ {[%clk 00:38:56]} {[%emt 00:11:09]} Kg8
{[%clk 01:20:38]} {[%emt 00:01:05]} 14. Qh5 {[%clk 00:38:00]} {[%emt 00:01:25]}
Bh6 {[%clk 01:20:55]} {[%emt 00:00:13]} 15. Bxf7+ {[%clk 00:38:11]} {[%emt
00:00:20]} Rxf7 {[%clk 01:20:49]} {[%emt 00:00:36]} 16. Qxf7+ {[%clk 00:38:33]}
{[%emt 00:00:08]} Kh8 {[%clk 01:20:54]} {[%emt 00:00:24]} 17. Rxh6+ {[%clk
00:38:45]} {[%emt 00:00:18]} gxh6 {[%clk 01:21:13]} {[%emt 00:00:11]} 18. Ng6#
{[%clk 00:39:11]} {[%emt 00:00:04]} 1-0